000 00390nam a2200133Ia 4500
005 20260326235504.0
008 260326s9999||||xx |||||||||||||| ||und||
100 _aWaisman, Marina
245 0 _aEl Interior de la Historia :
_b Historiografía Arquitectónica para el uso de Latinoamericanos /
_cMarina Waisman
260 _bEscala
300 _a140 p.
650 _aARQUITECTURA
942 _cBK
999 _c8133
_d8133